| Registos Bibliográficos associados ao registo de autoridade |
|
Etiqueta de registo: 01289cam 2200361 450 001 806612 003 http://id.bnportugal.gov.pt/bib/catbnp/806612 005 20000328124700.0 095 ## $aPTBN00594746 100 ## $a19940517d1520 k y0pory0103 ba 101 0# $alat 102 ## $aFR 105 ## $ay z 000yy 106 ## $ar 200 1# $aDiui Thome Aquinatis theologor[rum] principis ac theologicaru[m]... Scriptum Sente[n]tiarum
primum [-quartum] lucule[n]tissimu[m] angelico [con]cinnatu[m] ingenio ad su[m]ma[m]
sacre fidei tutela[m] artificibus exp[re]ssum typis precipuis annotammentis insignitu[m]
omniq[ue] mendo repurgatu[m] inserto textu magri adiectisq[ue] regestis tabularib[us]
210 #9 $a[Lyon$cJacques Giunta & C.$d1520]$e[Lyon] :$g prodit hoc opus secum in lucem auspicis honorati viri Iacobi Giunta ex edibus Iacobi
myt ciuis & calchographi lugdunensis,$h1520) 215 ## $a4 vol.$d8º (16 cm) 304 ## $aEditor Lambertus Campester retirado do Prefácio 306 ## $aMarca de Giunta na p. de tít. 307 ## $aP. de tít. a vermelho e negro 307 ## $aTexto a duas colunas com apostilhas marginais 307 ## $aCapitais xilogr. 316 ## $aFalta encadernação$5PTBN: RES. 3429 P 316 ## $aEncadernação da época em pele, com ferros gravados a seco$5PTBN: RES. 2723 P 321 1# $aBaudrier VI 104 327 1# $aVol. 1: 374, [10] f$aVol. 2: 195 [i.e. 403], [9] f$aVol. 3: 417, [11] f$aVol. 4: 711, [17] f. 620 ## $dLyon 700 #0 $aTomás de Aquino,$cSanto,$f1225-1274,$cO.P.$320917 702 #1 $aCampester,$bLambertus,$ffl. 1520-1523$4340$31413560 702 #1 $aGiunta,$bJacques,$ffl. 1486-1546$4650$3180272 702 #1 $aMyt,$bJacques,$ffl. 1508-1539$4610$3272167 801 #0 $aPT$bBN$gRPC 966 ## $dVol. 3$lBN$mMICROF$nMicrofilme$sF. 7000 966 ## $dVol. 1$lBN$mRESIMP$sRES. 819 P. 966 ## $dVol. 1$lBN$mRESIMP$sRES. 2049//1 P. 966 ## $dVol. 4$lBN$mRESIMP$sRES. 2051 P. 966 ## $dVol. 2$lBN$mRESIMP$sRES. 2057 P. 966 ## $dVol. 4$lBN$mRESIMP$sRES. 2723 P. 966 ## $dVol. 4$lBN$mRESIMP$sRES. 2724 P. 966 ## $dVol. 1$lBN$mRESIMP$sRES. 2803 P. 966 ## $dVol. 1$lBN$mRESIMP$sRES. 3388 P. 966 ## $dVol. 3$lBN$mRESIMP$sRES. 3429 P 966 ## $dVol.. 3$lBN$mRESIMP$sRES. 3433 P.
Etiqueta de registo: 00786cam 2200253 450 001 544847 003 http://id.bnportugal.gov.pt/bib/catbnp/544847 005 20001011135000.0 095 ## $aPTBN00748157 100 ## $a19950707d1520 k y0pory0103 ba 101 0# $alat 102 ## $aFR 106 ## $ar 200 1# $aDiui Thome Aquinatis theologoru[m] principis ac sacre scripture sinceri interp[re]tis
Co[m]me[n]tarij in soliloq[ui]a sive hymnos dauidicos suo illo angelico conflati ingenio
ad commune omnium theoreticoru[m] per pulchris typis elaborati & recognitio[n]e Ca[m]pestri
pristino sple[n]dori a[n]notamentorum fenore restituti 210 #9 $aLugd[uni]$cin edib[us] Iacobi myt $cipe[n]sis Jacobi. q. Fra[n]cisci de giu[n]ta et socio[rum] florentinoru[m] ,$d1520 215 ## $a214, [2] f.$d8º (16 cm) 306 ## $aMarcas de impressor na p. de tít. e no f. 214 307 ## $aFront. xilogravado a vermelho e negro 307 ## $aTexto a duas colns. 321 1# $aBaudrier VI 108 321 1# $aCCBE s. XVI T 1013 620 ## $dLyon 700 #0 $aTomás de Aquino,$cSanto,$f1225-1274,$cO.P.$320917 702 #1 $aCampester,$bLambertus,$ffl. 1520-1523$4340$31413560 702 #1 $aMyt,$bJacques,$ffl. 1508-1539$4610$3272167 702 #1 $aGiunta,$bJacques,$ffl. 1486-1546$4650$3180272 801 #0 $aPT$bBN$gRPC 966 ## $lBN$mRESIMP$sRES. 2061//1 P. 966 ## $lBN$mRESIMP$sRES. 2064//2 P. 966 ## $lBN$mRESIMP$sRES. 2707//2 P. 997 ## $aBIBEOD
Etiqueta de registo: 00779cam 2200241 450 001 546643 003 http://id.bnportugal.gov.pt/bib/catbnp/546643 005 20001011133200.0 095 ## $aPTBN00750816 100 ## $a19950713d1520 k y0pory0103 ba 101 0# $alat 102 ## $aFR 106 ## $ar 200 1# $aDiui Thomae Aquinatis ...enarratio lucidissima in profundum atque difficilem scti
Iob prophete librum vobis cedit clari lectores vel nunc Campestri recognitione illustrior
eiusque lima emaculatior. Pollet enim artificibus typis intercisis lectionibus et
marginalibus annotamentis 210 #9 $a[Lugduni$cJacques Giunta]$eImpressum Lugdu. :$gimpensis honorati viri Iacobi. q. Francisci de Gionta & sociorum florentini in edibus
Iacobi myt, calchographi, $h1520) 215 ## $a[4], 148 [i.e. 140] f.$d8º (16 cm) 306 ## $aMarca de impressor na p. de tít. 307 ## $aFrontispício gravado a vermelho e negro 307 ## $aTexto a duas colns. 316 ## $aExemplar aparado$5PTBN: RES. 2061//2 P. 316 ## $aFatam as 2 primeiras f.$5PTBN: RES. 5554 P. 321 1# $aBaudrier VI 102 620 ## $dLyon 700 #0 $aTomás de Aquino,$cSanto,$f1225-1274,$cO.P.$320917 702 #1 $aCampester,$bLambertus,$ffl. 1520-1523$4340$31413560 702 #1 $aMyt,$bJacques,$ffl. 1508-1539$4610$3272167 702 #1 $aGiunta,$bJacques,$ffl. 1486-1546$4650$3180272 801 #0 $aPT$bBN$gRPC 966 ## $lBN$mRESIMP$sRES. 2061//2 P. 966 ## $lBN$mRESIMP$sRES. 2064//1 P. 966 ## $lBN$mRESIMP$sRES. 2707//1 P. 966 ## $lBN$mRESIMP$sRES. 5554 P. 997 ## $aBIBEOD
Etiqueta de registo: 00254nam 2200025 450 001 2285104 003 http://id.bnportugal.gov.pt/bib/catbnp/2285104 100 ## $a20260423g15421544m y0pory01030103ba 101 0# $alat 102 ## $aFR 105 ## $ay z 000yy 106 ## $ar 200 1# $aCathena Aurea S. Tho.$fAngelici doctoris diui Thome Aquinatis sacraru[m] literarum peritissimi$ecathena aurea in quatuor Eua[n]gelia, ex celeberrimis necno[n] receptissimis ecclesie
scriptoribus miro artificio iussu summi Pontificis Vrbani quarti co[n]cinnata, opus
omni laude dignissimum Lamberti Ca[m]pestri solerti examine castigatius nuper redditu[m]
ac duplici Regesto dece[n]ter illustratum 210 #9 $aVeneunt Lu[g]d[uni]$capud Iacobu[m] Giu[n]cti in vico Mercuriali,$d1544$e[Lugduni]$gimpensis honorati viri Iacobi q. fra[n]cisci de Giu[n]ta Flore[n]tini & sociorum$gin edibus Calcographi Benedicti Bonnyn,$h1542) 215 ## $a4 v.$d8º (18 cm) 303 ## $aCada v. com registo de cad. e pé de imprensa no cólofon 305 ## $aExiste edição anterior, de 1542, da qual esta emissão recupera todo o conteúdo, apondo-lhe
nas f. de rosto uma outra data 307 ## $aCada v. com f. de rosto calcogr., com imagem do autor enquadrada em tarjas, impressas
a preto e vermelho 307 ## $aTexto impresso a 2 colns. 317 ## $aPert. na f. de rosto: "Da Bibliotheca de Xabregas" (carimbo)$5PTBN: R. 4200 V. 321 ## $aBaudrier VI 206 327 11 $a[V. 1] : [Evangelho de S. Mateus]. - [8], ccxliiij f. - Marca do impressor no verso
do f. final. - Pé de imprensa no cólofon: [Lyon] : impensis honorati viri Iacobi q.
fra[n]cisci de Giu[n]ta Flore[n]tini & sociorum : in edibus Calcographi Benedicti
Bonnyn, 1542 die xxj. me[n]sis May. - Assin.: ª//8, a-z//8, &//8, [con]//8, [rum]//8,
A-D//8, E//4 ; [V. 2] : [Evangelho de S. Marcos]. - [4], lxxx f. - Marca do impressor
sob o cólofon - Pé de imprensa no cólofon: Lugd[uni] : impe[n]sis honorati viri Iacobi
q. Francisci de Giunta flore[n]tini & socioru[m] : in edib[us] Benedicti Bonnyn calcographi,
1542 die iiij. mensis Aprilis. - Assin.: ªª//4, aa-kk//8 ; [V. 3] : [Evangelho de
S. Lucas]. - [4], cxcv, [1] f. - Marca do impressor no f. final. - Pé de imprensa
no cólofon: [Lyon] : opera Benedicti Bo[n]nyn calcographi Lugd. com[m]ora[n]tis :
impensis vero honesti viri Iacob q. francisci de Giunta florentini & sociorum eius,
1542 die x. mensis Maij. - Assin.: ªªª//4 aaa-zzz//8, &&&//8, [3con]//4 ; [V. 4] :
[Evangelho de S. João]. - [4], clxvj, [2] f. - Marca do impressor sob o cólofon. -
Pé de imprensa no cólofon: [Lyon] : opera Benedicti Bo[n]nyn calcographi Lugd. commorantis
: impensis vero honesti viri Iacobi q. Fra[n]cisci de Giunta Florentini & sociorum
eius, 1542 die xxj. mensis Martij. - Assin.: ªªªª//4, aaaa-xxxx//8 500 10 $aCathena Aurea 620 ## $dLyon 700 #0 $aTomás de Aquino,$cSanto,$f1225-1274,$cO.P.$320917 702 #1 $aCampester,$bLambertus,$ffl. 1520-1523$4340$31413560 702 #1 $aGiunta,$bJacques,$ffl. 1486-1546$4610$3180272 702 #1 $aBonyn,$bBenoit,$f1523-1544$4610$3180271 712 02 $aOrdem dos Frades Menores.$bConvento de São Francisco de Xabregas$c(Lisboa)$4390$3470918 801 #0 $aPT$bBN$gRPC 856 40 $2Cópia digital do v. 1 disponível em Google Books$uhttps://books.google.pt/books?id=nsSqaU1iyu0C&hl=pt-PT&pg=PP1#v=onepage&q&f=false 856 40 $2Cópia digital do v. 4 disponível em Google Books$uhttps://books.google.pt/books?id=fq2XjMC45cUC&hl=pt-PT&pg=PP1#v=onepage&q&f=false 966 ## $dV. 1-2$lBN$mFGMON$sR. 4200 V. 966 ## $dV. 1-2$lBN$mFGMON$sR. 18850 P. 966 ## $dV. 3-4$lBN$mFGMON$sR. 1796 P. 971 ## $cpmesqui$d20260423 997 ## $aBIBEOD
Etiqueta de registo: 00254nam 2200025 450 001 2285087 003 http://id.bnportugal.gov.pt/bib/catbnp/2285087 100 ## $a20260423d1542 m y0pory01030103ba 101 0# $alat 102 ## $aFR 105 ## $ay z 000yy 106 ## $ar 200 1# $aCathena Aurea S. Tho.$fAngelici doctoris diui Thome Aquinatis sacraru[m] literarum peritissimi$ecathena aurea in quatuor Eua[n]gelia, ex celeberrimis necno[n] receptissimis ecclesie
scriptoribus miro artificio iussu summi Pontificis Vrbani quarti co[n]cinnata, opus
omni laude dignissimum Lamberti Ca[m]pestri solerti examine castigatius nuper redditu[m]
ac duplici Regesto dece[n]ter illustratum 210 #9 $aVeneunt Lu[g]d[uni]$capud Iacobu[m] Giu[n]cti in vico Mercuriali,$d1542 215 ## $a4 v.$d8º (18 cm) 303 ## $aCada v. com registo de cad. e pé de imprensa no cólofon 305 ## $aExiste emissão posterior, de 1544, que recupera todo o conteúdo da presente ed., apondo-lhe
na f. de rosto uma outra data 307 ## $aCada v. com f. de rosto calcogr., com imagem do autor enquadrada em tarjas, impressas
a preto e vermelho 307 ## $aTexto impresso a 2 colns. 316 ## $aOs 4 v. enc. em 2. - Exemplares em mau estado. - Falta f. de rosto e f. preliminares
no v. 3. - Enc. em pergaminho$5PTBN: R. 4683-4684 P. 321 ## $aICCU IT\ICCU\LO1E\029439 327 11 $a[V. 1] : [Evangelho de S. Mateus]. - [8], ccxliiij f. - Marca do impressor no verso
do f. final. - Pé de imprensa no cólofon: [Lyon] : impensis honorati viri Iacobi q.
fra[n]cisci de Giu[n]ta Flore[n]tini & sociorum : in edibus Calcographi Benedicti
Bonnyn, 1542 die xxj. me[n]sis May. - Assin.: ª//8, a-z//8, &//8, [con]//8, [rum]//8,
A-D//8, E//4 ; [V. 2] : [Evangelho de S. Marcos]. - [4], lxxx f. - Marca do impressor
sob o cólofon - Pé de imprensa no cólofon: Lugd[uni] : impe[n]sis honorati viri Iacobi
q. Francisci de Giunta flore[n]tini & socioru[m] : in edib[us] Benedicti Bonnyn calcographi,
1542 die iiij. mensis Aprilis. - Assin.: ªª//4, aa-kk//8 ; [V. 3] : [Evangelho de
S. Lucas]. - [4], cxcv, [1] f. - Marca do impressor no f. final. - Pé de imprensa
no cólofon: [Lyon] : opera Benedicti Bo[n]nyn calcographi Lugd. com[m]ora[n]tis :
impensis vero honesti viri Iacob q. francisci de Giunta florentini & sociorum eius,
1542 die x. mensis Maij. - Assin.: ªªª//4 aaa-zzz//8, &&&//8, [3con]//4 ; [V. 4] :
[Evangelho de S. João]. - [4], clxvj, [2] f. - Marca do impressor sob o cólofon. -
Pé de imprensa no cólofon: [Lyon] : opera Benedicti Bo[n]nyn calcographi Lugd. commorantis
: impensis vero honesti viri Iacobi q. Fra[n]cisci de Giunta Florentini & sociorum
eius, 1542 die xxj. mensis Martij. - Assin.: ªªªª//4, aaaa-xxxx//8 500 10 $aCathena Aurea 620 ## $dLyon 700 #0 $aTomás de Aquino,$cSanto,$f1225-1274,$cO.P.$320917 702 #1 $aCampester,$bLambertus,$ffl. 1520-1523$4340$31413560 702 #1 $aGiunta,$bJacques,$ffl. 1486-1546$4610$3180272 702 #1 $aBonyn,$bBenoit,$f1523-1544$4610$3180271 801 #0 $aPT$bBN$gRPC 856 40 $2Cópia digital do v. 1 disponível em Google Books$uhttps://books.google.pt/books?id=JnxlAAAAcAAJ&hl=pt-PT&pg=PP7#v=onepage&q&f=false 856 40 $2Cópia digital do v. 2 disponível em Google Books$uhttps://books.google.pt/books?id=JjsFlKN5RC4C&hl=pt-PT&pg=PP1#v=onepage&q&f=false 856 40 $2Cópia digital do v. 3 disponível em Google Books$uhttps://books.google.pt/books?id=6lxYi5-AouoC&hl=pt-PT&pg=PP3#v=onepage&q&f=false 966 ## $dV. 1-2$lBN$mFGMON$sR. 4683 P. 966 ## $dV. 3-4$lBN$mFGMON$sR. 4684 P. 971 ## $cpmesqui$d20260423 997 ## $aBIBEOD
|
|
|